Národné fórum údržby odborná konferencia, 17.5. 2000 Žilina : zborník prednášok

Bibliographic Details
Format: Book
Language:Slovak
PhysicalDescription:157 s. fotogr., sch., tab. 30 cm
Published: Žilina NMC [2000]
ISBN:8085655152
Subjects:

MARC

LEADER 00000cam a2200000 a 4500
001 vtls001393874
003 SK-MaSNL
005 20260301201801.0
008 250414s2000 xo aa r 100 0 slo
015 |a SNBA2000/10-03699 
020 |a 8085655152 
035 |a SNK000348191 
035 |a urn:nbn:sk:snk-amjsqu 
035 |a urn:nbn:sk:snk:ar-a0byp8 
035 |a 972e318c-7c82-4e75-92ea-726cbbf2de16 
040 |a SNK  |b slo  |c SNK  |e AACR2 
041 0 |a slo 
044 |a xo  |c SK 
080 |a 658.58(082)=854=850  |2 1981 
245 0 0 |a Národné fórum údržby  |b odborná konferencia, 17.5. 2000 Žilina : zborník prednášok 
260 |a Žilina  |b NMC  |c [2000] 
300 |a 157 s.  |b fotogr., sch., tab.  |c 30 cm 
500 |a Čiast. text čes. 
500 |a 100 výt. 
504 |a Bibliogr. odkazy 
650 0 7 |a údržba  |2 SNKPH  |9 267803 
650 0 7 |a riadenie  |2 SNKPH  |9 924 
655 7 |a zborníky konferencií  |2 SNKPH  |9 70153 
655 7 |a issue_zb  |2 SNK  |9 276493 
852 |a Slovenská národná knižnica 
919 |a 80-85655-15-2 
954 |a odborná, vedecká literatúra pôvodná (slovenská)  |2 lita 
954 |a odborná, vedecká literatúra cudzojazyčná (svetová)  |2 lita 
958 |a EUIPO 
958 |a ART 
958 |a TL 
958 |a NB 
958 |a OND 
999 |c 896262  |d 898192 
952 |t P60, <03>, [BOOK], {603}  |a SNK  |b SNK  |y PREZ  |7 0  |p 17A0247461  |o snkSB 62119  |i snkKSP 7988/2000  |0 0  |1 0  |4 0  |d 2000-08-04  |f 1  |l 0  |r 2025-04-11 00:00:00  |w 2026-02-24 
952 |t P60, <04>, [BOOK], {604}  |a SNK  |b SNK  |y VYP  |7 0  |p 17A0247462  |o snkSB 62119 D1  |i snkKSP 7989/2000  |0 0  |1 0  |4 0  |d 2000-08-04  |l 0  |r 2005-01-02 00:00:00  |w 2026-02-24